Missing Word: Colin Farrell Quiz Stats

Quiz Updated Dec 20, 2014

Challenge
Share
Tweet
Embed
Score 0/16 Timer 03:00
0 Plays Today
Movie Missing Word % Correct
_____ RecallTotal
95.8%
_____ ViceMiami
95.3%
Minority _____Report
91.7%
Fright _____Night
84.3%
Horrible _____Bosses
81.1%
Phone _____Booth
79.9%
A Home at the _____ of the WorldEnd
77.4%
_____ BrugesIn
68.2%
Movie Missing Word % Correct
The Imaginarium of _____ ParnassusDoctor
60.2%
Hart’s _____War
52.4%
The Way _____Back
45%
_____ PsychopathsSeven
44.1%
Crazy _____Heart
29.7%
Cassandra's _____Dream
22%
_____ BoulevardLondon
9.9%
American _____Outlaws
7.4%

Today's Daily Dose

You're not logged in!

Compare scores with friends on all Sporcle quizzes.
Sign Up with Email
OR
Log In

You Might Also Like...

Show Comments

Extras

Top Quizzes Today


Score Distribution

Your Account Isn't Verified!

In order to create a playlist on Sporcle, you need to verify the email address you used during registration. Go to your Sporcle Settings to finish the process.